home page   АИС "Историко-культурное наследие Беларуси"
  Базовый | Расширенный | Профессиональный | Словарь персоналий | Тематический словарь | По видам объектов История запросов  Заказы    Регистрация

Запись в MARC-формате

копировать MARC-запись

=LDR  00000nx\\c2200193\\\45\\
=001  BY-NLB-ar5344825
=005  20160330095636.8
=100  \\$a20121017arusy50\\\\\\ca0
=152  \\$apsbo
=160  \\$ae-bw
=215  \\$aКостел Святого Архангела Михаила (Богданово, деревня; Воложинский район)
=300  1\$aПостроен в 1844 г. Был памятником народного деревянного зодчества. Уничтожен пожаром в 1944 г. На его месте был построен новый деревянный храм. В 2000 г. вместо деревянного поставлен новый кирпичный храм.
=356  \\$aНаходится в центре д. Богданово Воложинского района Минской области.
=415  \\$aКостел Святого Михаила Архангела (Богданово, деревня; Воложинский район)
=515  \\$5w$3BY-NLB-ar5344605$aКасцёл Святога Архангела Міхаіла (Багданава, вёска; Валожынскі раён)
=801  \0$aBY$bBY-HM0000$c20121017
=810  \\$aКаталіцкія храмы Беларусі / А. М. Кулагін. — Мінск, 2008.
=810  \\$aКаталіцкія храмы на Беларусі : энцыклапедычны даведнік / А. М. Кулагін. — Мінск, 2000.
=999  \\$f2786 NLB-NDARD$t20121017

Чтобы вернуться назад, щелкните кнопку BACK на Вашем браузере